Health improvement with nutrition and yoga. 2V (Record no. 396272)
[ view plain ]
| 000 -LEADER | |
|---|---|
| fixed length control field | 00522 a2200205 4500 |
| 005 - DATE & TIME | |
| control field | 20260218121933.0 |
| 008 - FIXED-LENGTH DATA ELEMENTS--GENERAL INFORMATION | |
| fixed length control field | 260218b |||||||| |||| 00| 0 eng d |
| 020 ## - ISBN | |
| International Standard Book Number | 9789356384767 |
| Price | Rs. 1790.00 |
| 040 ## - CATALOGING SOURCE | |
| Original cataloging agency | VIVEKANANDA LIBRARY |
| 082 ## - DDC NUMBER | |
| Classification number | 613.7046 |
| Book Number | S64H |
| 100 ## - MAIN ENTRY--PERSONAL NAME | |
| Personal name | Singh, R N |
| 245 ## - TITLE STATEMENT | |
| Title | Health improvement with nutrition and yoga. 2V |
| 260 ## - PUBLICATION, DISTRIBUTION, ETC. (IMPRINT) | |
| Name of publisher, distributor, etc | Black and Black |
| Date of publication, distribution, etc | 2024 |
| Place of publication, distribution, etc | Jaipur |
| 300 ## - PHYSICAL DESCRIPTION | |
| Pages | 250 |
| 650 ## - Subject | |
| Subject | Health Promotion |
| 650 ## - Subject | |
| Subject | Nutrition |
| 650 ## - Subject | |
| Subject | Yoga |
| 650 ## - Subject | |
| Subject | Physical Fitness |
| 942 ## - ADDED ENTRY ELEMENTS (KOHA) | |
| Koha item type | Books |
| Withdrawn status | Lost status | Source of classification or shelving scheme | Damaged status | Not for loan | Location (home branch) | Sublocation or collection (holding branch) | Shelving location | Date acquired | Koha issues (times borrowed) | Koha full call number | Accession No. | Koha date last seen | Copy number | Koha item type |
|---|---|---|---|---|---|---|---|---|---|---|---|---|---|---|
| Dewey Decimal Classification | VIVEKANANDA LIBRARY | VIVEKANANDA LIBRARY | Vivekananda Library | 03/02/2026 | 613.7046 S64H | 438037 | 03/02/2026 | V1 | Books | |||||
| Dewey Decimal Classification | VIVEKANANDA LIBRARY | VIVEKANANDA LIBRARY | Vivekananda Library | 18/02/2026 | 613.7046 S64H | 438038 | 18/02/2026 | V2 | Books |
